Gminy w Powiatach na literę R - Statystyki

Ogólne statystyki
  • Ten quiz został rozwiązany 19 razy
  • Średni wynik to 20 z 87
Statystyki odpowiedzi
Powiaty Gminy % Poprawnych
raciborski Racibórz
88%
radomszczański Radomsko
81%
radziejowski Radziejów
75%
rypiński Rypin
75%
rawski Rawa Mazowiecka
69%
ropczycko-sędziszowski Ropczyce
69%
rycki Ryki
69%
radzyński Radzyń Podlaski
63%
Sędziszów Małopolski
63%
Boguchwała
50%
Biała Rawska
44%
Iłża
44%
Kamień
44%
Kuźnia Raciborska
44%
Skaryszew
44%
Dęblin
38%
Jedlińsk
38%
Kamieńsk
38%
Przedbórz
38%
Sokołów Małopolski
38%
rzeszowski Dynów
31%
Dynów
31%
Jedlnia-Letnisko
31%
Piotrków Kujawski
31%
Tyczyn
31%
rybnicki Czerwionka-Leszczyny
25%
Gomunice
25%
Kobiele Wielkie
25%
Krzanowice
25%
radomski Pionki
25%
Skrwilno
25%
Wielgomłyny
25%
Wierzbica
25%
Wolanów
25%
Garbatka-Letnisko
19%
Gidle
19%
Głogów Małopolski
19%
Krasne
19%
Krzyżanowice
19%
Osięciny
19%
Ostrów
19%
Rogowo
19%
Stężyca
19%
Wielopole Skrzyńskie
19%
Błażowa
13%
Borki
13%
Bytoń
13%
Chmielnik
13%
Czemierniki
13%
Dobryszyce
13%
Gaszowice
13%
Gózd
13%
Hyżne
13%
Kąkolewnica
13%
Kodrąb
13%
Komarówka Podlaska
13%
Nędza
13%
Nowodwór
13%
Rudnik
13%
Świerklany
13%
Trzebownisko
13%
Ułęż
13%
Żytno
13%
Dobre
6%
Iwierzyce
6%
Jejkowice
6%
Kłoczew
6%
Kornowac
6%
Ładzice
6%
Lgota Wielka
6%
Lubenia
6%
Przytyk
6%
Świlcza
6%
Ulan Majorat
6%
Wąpielsk
6%
Wohyń
6%
Zakrzew
6%
Brzuze
0%
Cielądz
0%
Jastrzębia
0%
Kowala
0%
Lyski
0%
Masłowice
0%
Pietrowice Wielkis
0%
Regnów
0%
Sadkowice
0%
Topólka
0%
Nie znaleziono quizów pasujących do podanych kryteriów
Rozkład punktacji
Procent ludzi z każdym wynikiem
Percentyl według liczby udzielonych odpowiedzi
Twoja historia wyników
Nie rozwiązałeś tego quizu